000 00327nam a22001457a 4500
008 210511b ||||| |||| 00| 0 eng d
020 _a9780323001793
041 _aeng
080 _22nd
_a53
082 _a53
100 _a43
101 _aFIZ
245 _aPhysical Examination Handbook
_cHenry M. Seidel
942 _2udc
_cBK
999 _c57238
_d57238